00903cam a2200229 a 450000100100000000500170001000800410002704000300006808200170009810000460011524500810016126000600024230000350030249000270033760000520036465100430041683000360045991000340049504900090052995201200053899900150065800000713420200929154057.0750319s1971 sp ac 000 0 spa  aDO-SdBNPbspacNICdBNPHU a923.9bL864S1 aSanz y Díaz, José,d1907-1988.91978910aLópez de Legazpi :bFundador de Manila, 1571-1971 /cJosé Sanz y Díaz. aMadrid, (España) :bPublicaciones Españolas,c1971. a79 p. :bil., retrs. ;c21 cm.1 aTemas españolesv51914aLEGAZPI, MIGUEL LÓPEZ DE,d1510?-1572.919790 4aFilipinasxHistoriay1521-1812.919791 0aTemas españoles ;v519919792 aCatalogación por copia / LC aBNGR 001052708MOaGRbGRcCTd2009-09-04iLF1l0o923.9 L864Sp7134-10r2020-06-25w2020-06-25y2ZPréstamo interno c6915d6915